000
00304nam a2200109Ia 4500
008
220204s9999 xx 000 0 und d
082
_a
338.43.01(547.1MAH)
_b
SAN
100
_a
S D
245
0
_a
Agricultural development in Maharashtra: Problems and prospects
260
_a
Mumbai
_b
NBARD
_c
1999
942
_c
BK
999
_c
43884
_d
43884